| 000 | 00744nam a22002057a 4500 | ||
|---|---|---|---|
| 003 | LC | ||
| 005 | 20170327164512.0 | ||
| 008 | 160302b xxu||||| |||| 00| 0 eng d | ||
| 020 | _a9789812379320 | ||
| 050 | _aQA 273 .Y46 2015 | ||
| 100 | _aYeo, Joseph | ||
| 245 |
_aNew syllabus mathematics 3 _cDr. Joseph Yeo. consultant Dr. Yeap Ban Har ; Teh Keng Seng, Loh Cheng Yee, Ivy Chow, Ong Chan Ong, Jacinth Liew |
||
| 250 | _a7th edition. | ||
| 260 |
_aSingapore : _bShinglee Publishers Pte Ltd. _c1982,2015 |
||
| 300 |
_a431 pages., _bcolored.,illustrations. _c21 cm. |
||
| 650 | _aMathematics -- Singapore -- Textbooks (Secondary) | ||
| 650 | _aMathematics -- Problems, exercises, etc. | ||
| 650 | _aMathematics. | ||
| 942 |
_2lcc _cBK |
||
| 999 |
_c291052 _d291052 |
||